000 01043nam0a22002531 4500
001 v19\rc\1191721
005 20260406084318.0
035 _a(NLR Aleph) 005194292
090 _a5244968
_c5244968
100 _a20060306d1846 |||y0rusy50 ca
101 0 _arus
102 _aRU
105 _ay z |||||
200 1 _aРусской крестьянин, или Гость с Бородинского поля
_eНародная опера из событий 1812 года
_fСоч. Б. Федорова
210 _aСанкт-Петербург
_cтип. Штаба Отдел. корп. внутр. стражи
_d1846
215 _a71 с.
_d13
517 0 _aГость с Бородинского поля
700 1 _8rus
_7ca
_aФедоров
_bБ. М.
_cписатель, поэт
_f1794-1875
_gБорис Михайлович
_3RU\NLR\AUTH\7752788
_935721
801 2 _aRU
_bNLR
_c20070606
_2rusmarc
801 0 _aRU
_bNLR
_c20060306
_gpsbo
801 1 _aRU
_bProSoft-M
_c20060306
_2rusmarc
852 _aNLR
_j18.168.2.25
942 _cBOOK
980 _aNB